000 01057nam a2200313 a 4500
008
020 _a9780323083171 (hardback)
040 _aNUST
_cNUST
049 _aMAIN
090 _aRK521
_bPRO
100 1 _aProffit, William R.,
_aauthor.
245 1 0 _aContemporary orthodontics/
_c William R Proffit ; Henry W Fields ; David M Sarver contributor James L Ackerman.
250 _aFifth edition.
260 _aSt. Louis, Missouri :
_bElsevier/Mosby,
_c2013.
300 _axiii, 754 pages :
_billustrations (chiefly colour) ;
_c29 cm.
336 _atext
_btxt
_2rdacontent
337 _aunmediated
_bn
_2rdamedia
338 _avolume
_bnc
_2rdacarrier
500 _aIncludes index.
504 _aIncludes biliographical references.
650 1 _aOrthodontics.
700 _aFields, Henry W.,
_aauthor.
700 _aSarver, David M.,
_aauthor.
700 _aAckerman, James L.,
_aauthor.
907 _a.b10402330
_b14-06-21
_c12-05-21
003
005 20230120204257.0
942 _cBOOKS
_kRK521
_mPRO
999 _c120316
_d120316